Central Library OPAC University of Rajshahi
Normal view MARC view

Entry Personal Name

Number of records used in: 2

001 - CONTROL NUMBER

  • control field: 5716

003 - CONTROL NUMBER IDENTIFIER

  • control field: BD-RjUL

005 - DATE AND TIME OF LATEST TRANSACTION

  • control field: 20221105162342.0

008 - FIXED-LENGTH DATA ELEMENTS

  • fixed length control field: 221105|| aca||aabn | a|a d

040 ## - CATALOGING SOURCE

  • Original cataloging agency: BD-RjUL
  • Transcribing agency: BD-RjUL

100 ## - HEADING--PERSONAL NAME

  • Personal name: Mullick, Md. Hanif

670 ## - SOURCE DATA FOUND

  • Source citation: Work cat.: (BD-RjUL)80716: Mullick, Md. Hanif, Effect of gamma radiation on tribolium castaneum (Herbst) and tribolium confusum Duval /, 2002